00941 2200313 4500001002100000005001500021035002000036008004100056100001000097245009900107300003700206020001900243082001300262084002200275090001200297250001500309264003600324336002100360337003000381338002300411490002600434600000900460650004200469700003700511700002900548990001800577990001600595990001600611INLIS00000000001758320240829082900 a0010-0619017583240829 a 1 ind  aPerla1 aAku Bisa Wudhu dan Shalat /cPerla; penyunting, Ana Puspita Dewiyana; ilustrator, Ade Prihatna a28 halaman :bilustrasi ;c18 cm a978-979-9370-6 a899.2213 aSR 899.2213 PER a 99.221.3 aCetakan 12 aBandung :bPelangi Mizan,c2022 2rdacontentaTeks 2rdamediaaTanpa perantara 2rdacarrieraVolume aHalo balita spiritual 4aWudu 4aFiksi Indonesia -- Bacaan kanak-kanak0 aAna Puspita Dewiyanaepenyunting0 aAde Prihatnaeilustrator a022242.036409 a53254.66074 a53255.66075